| 000 | 00627nam a2200205 a 4500 | ||
|---|---|---|---|
| 005 | 20210223130416.0 | ||
| 008 | 080311s2003 mx r 000 0 spa d | ||
| 020 | _a880125113 | ||
| 035 | _aUPN01000155030 | ||
| 049 | _aI | ||
| 050 | 4 |
_aPZ71 _bM5.7 |
|
| 100 | 1 |
_aMiyakawa, Kenji, _d1896-1933 _933935 |
|
| 245 | 1 | 3 |
_aEl rey del invierno / _cKenji Miyakawa, Mika Muraoka ; tr. Eduardo Campelo. |
| 260 |
_a[S.l.] : _bShinseken, _c2003. |
||
| 300 |
_a[29] p. : _bil. col. |
||
| 650 | 4 |
_aCUENTOS INFANTILES JAPONESES _98590 |
|
| 650 | 4 |
_aOSOS - _vLITERATURA JUVENIL _98915 |
|
| 700 | 1 |
_aMuraoka, Mika, _ecoaut. |
|
| 905 | _aInfantil | ||
| 999 |
_c127146 _d127146 |
||